<?xml version="1.0" encoding="UTF-8"?>
<record
    xmlns:xsi="http://www.w3.org/2001/XMLSchema-instance"
    xsi:schemaLocation="http://www.loc.gov/MARC21/slim http://www.loc.gov/standards/marcxml/schema/MARC21slim.xsd"
    xmlns="http://www.loc.gov/MARC21/slim">

  <leader>00798nam a2200205 i 4500</leader>
  <controlfield tag="001">82918</controlfield>
  <controlfield tag="003">ES-MaACL</controlfield>
  <controlfield tag="005">20230906174743.0</controlfield>
  <controlfield tag="007">t|</controlfield>
  <controlfield tag="008">190405s1962    sp           ||||1| spa d</controlfield>
  <datafield tag="111" ind1="2" ind2=" ">
    <subfield code="a">Consejo Econ&#xF3;mico de Tierra de Campos (</subfield>
    <subfield code="d">1962. </subfield>
    <subfield code="c">Palencia)</subfield>
    <subfield code="9">166776</subfield>
  </datafield>
  <datafield tag="245" ind1="1" ind2="0">
    <subfield code="a">Clausura del Consejo Econ&#xF3;mico de Tierra de Campos.</subfield>
  </datafield>
  <datafield tag="260" ind1=" " ind2=" ">
    <subfield code="a">Madrid : </subfield>
    <subfield code="b">[s.n.], </subfield>
    <subfield code="c">1962 (</subfield>
    <subfield code="f">La Hispanense Industrial)</subfield>
  </datafield>
  <datafield tag="300" ind1=" " ind2=" ">
    <subfield code="a">21 p.,1 l&#xE1;m. ; </subfield>
    <subfield code="c">29 cm.</subfield>
  </datafield>
  <datafield tag="490" ind1="1" ind2=" ">
    <subfield code="a">Consejo Econ&#xF3;mico Nacional. Gabinete T&#xE9;cnico Programaci&#xF3;n Regional ;</subfield>
    <subfield code="v">1</subfield>
  </datafield>
  <datafield tag="651" ind1=" " ind2="4">
    <subfield code="a">Tierra de Campos (Espa&#xF1;a, Comarca)-</subfield>
    <subfield code="x">Situaci&#xF3;n econ&#xF3;mica.</subfield>
    <subfield code="9">166777</subfield>
  </datafield>
  <datafield tag="830" ind1="0" ind2=" ">
    <subfield code="a">Consejo Econ&#xF3;mico Nacional. Gabinete T&#xE9;cnico Programaci&#xF3;n Regional ;</subfield>
    <subfield code="v">1</subfield>
    <subfield code="9">231611</subfield>
  </datafield>
  <datafield tag="852" ind1=" " ind2=" ">
    <subfield code="a">ES-MaACL</subfield>
    <subfield code="j">2339-F-35</subfield>
  </datafield>
  <datafield tag="999" ind1=" " ind2=" ">
    <subfield code="c">82918</subfield>
    <subfield code="d">82918</subfield>
  </datafield>
  <datafield tag="952" ind1=" " ind2=" ">
    <subfield code="0">0</subfield>
    <subfield code="1">0</subfield>
    <subfield code="4">0</subfield>
    <subfield code="7">0</subfield>
    <subfield code="8">Colecci&#xF3;n_de_folletos</subfield>
    <subfield code="a">ATENEOM</subfield>
    <subfield code="b">ATENEOM</subfield>
    <subfield code="c">DEPOF</subfield>
    <subfield code="d">2019-04-05</subfield>
    <subfield code="e">DON</subfield>
    <subfield code="l">0</subfield>
    <subfield code="o">2339-F-35</subfield>
    <subfield code="p">1200318</subfield>
    <subfield code="r">2023-02-23 00:00:00</subfield>
    <subfield code="w">2023-02-23</subfield>
    <subfield code="y">FOLLETOS</subfield>
  </datafield>
</record>
